000 00559nam a2200181Ia 4500
008 100920s9999 xx 000 0 und d
082 _b10697
_a891.464 थ 58
100 _aसंपादक-खांडेकर वि.स.
245 _aनवे किरण.
260 _bदेशमुख आणि कंपनी, पुणे.
_c1958
300 _a96
_bसाधी
365 _b1.5
520 _aनिबंध.
630 _aनवे किरण.
650 _aनिबंध.
730 _aनवे किरण.
942 _cBOOK
999 _c676973
_d676970